| 000 | 00597nam a2200217 u 4500 | ||
|---|---|---|---|
| 005 | 20241203063742.0 | ||
| 008 | 110927s2000 r 000 0 eng d | ||
| 020 | _a8421622706 | ||
| 035 | _aUPN01000181945 | ||
| 049 | _aI | ||
| 050 | 4 |
_aPZ76.3 _bM8.34 2000 |
|
| 100 | 1 | _aMuñoz, Juan | |
| 245 | 1 | 3 |
_aEl diplodoco Carioco / _cJuan Muñoz. |
| 250 | _a3a ed. | ||
| 260 |
_aMadrid : _bBruño, _c2000. |
||
| 300 |
_a137 p. : _bil. |
||
| 440 | 0 |
_aAlta mar. _pHumor ; _v76 |
|
| 650 | 4 |
_aDinosaurios _vLiteratura infantil _99370 |
|
| 650 | 0 |
_aAnimales _vCuentos y leyendas _9234 |
|
| 905 | _aInfantil | ||
| 999 |
_c154048 _d154048 |
||